| 000 | 01093nam a2200277 a 4500 | ||
|---|---|---|---|
| 001 | 000015174 | ||
| 003 | DO-SdBNP | ||
| 005 | 20250630102414.0 | ||
| 008 | 100202s2003 dr 001 fbspa d | ||
| 020 | _z9993429252 | ||
| 040 |
_aDO-SdBNP _bspa _cBNPHU |
||
| 082 | 4 |
_a923.17293 _bT866c, 2003 _222 |
|
| 100 | 1 |
_aCollado, Lipe, _d1947- _979819 |
|
| 245 | 1 | 0 |
_aAnécdotas y crueldades de Trujillo / _cLipe Collado. |
| 250 | _a3a ed. | ||
| 260 |
_aSanto Domingo : _bEditora Collado, _c2003. |
||
| 300 |
_a261 p. ; _c21 cm. |
||
| 500 | _aIncluye notas al pie de las páginas | ||
| 504 | _aIncluye referencias bibliográficas e índice onomástico. | ||
| 590 | _aInventariado, 2020/BT | ||
| 600 | 1 | 0 |
_aTrujillo Molina, Rafael Leónidas, _d1891-1961 _vAnécdotas, chistes y sátiras, etc. _922667 |
| 651 | 4 |
_aRepública Dominicana _xPolítica y gobierno _y1930-1961 _vAnécdotas, chistes y sátiras _934364 |
|
| 651 | 0 |
_aRepública Dominicana _xHistoria _yEra de Trujillo, 1930-1961 _vAnécdotas, chistes y sátiras _978796 |
|
| 910 | _aValidado. Control de calidad BNPHU. | ||
| 942 |
_2ddc _cLBS1 |
||
| 999 |
_c14745 _d14745 |
||